[Event "Gibraltar Masters 10th"]
[Site "Caleta"]
[Date "2012.01.27"]
[Round "4"]
[White "Parligras, Mircea Emilian"]
[Black "Gopal, Geetha Narayanan"]
[Result "0-1"]
[WhiteElo "2650"]
[BlackElo "2566"]
[Annotator "Krasenkow,M"]
[PlyCount "126"]
[EventDate "2012.01.24"]
[EventType "swiss"]
[EventRounds "10"]
[EventCountry "GGB"]
[SourceTitle "CBM 147"]
[Source "ChessBase"]
[SourceDate "2012.03.16"]
[SourceVersion "1"]
[SourceVersionDate "2012.03.16"]
[SourceQuality "1"]

1. d4 d5 2. c4 c6 3. Nc3 Nf6 4. e3 e6 5. Nf3 Nbd7 6. Bd3 dxc4 7. Bxc4 b5 8. Bd3
Bb7 9. O-O a6 10. e4 c5 11. d5 Qc7 12. dxe6 fxe6 13. Bc2 c4 14. Ne2 {A rare
and hardly dangerous continuation. Such manoeuvring is too slow for a tense
position like this.} g6 $6 $146 {Black looks for his own ways but this move,
not helping his development, is very suspicious.} (14... Nxe4 15. Ned4 Ndc5 $1
(15... e5 16. Ne6 Qb6 17. Bxe4 Bxe4 18. Nfg5 Bg6 19. a4 b4 20. Qg4 Qc6 21. f4
$36 {1-0 Sadler,M (2625)-Smeets,J (2628)/Barcelona 2011/CBM 144 Extra (34)})
16. b4 $1 cxb3 17. Bxe4 Bxe4 18. axb3 Qb7 19. b4 Bxf3 20. Nxf3 Ne4 21. Qd4 Nf6
22. Ng5 Qd5 23. Qe3 Bd6 24. Nxe6 Kf7 25. Ng5+ Kg8 26. Qe2 $14 {1/2 Kovacs,A 
(2365)-Mueller,K (2380)/Lechenicher SchachServer 2010/CBM 143 (30)}) (14... Rd8
15. Ned4 Nc5 16. e5 Bxf3 17. Qxf3 Rxd4 18. exf6 gxf6 19. Be3 Rh4 20. g3 Rg8 21.
Qxf6 $16 {1-0 Evdokimov,A (2553)-Gorkavij,V (2370)/Armavir 2011/CBM 141 Extra 
(59)}) (14... O-O-O 15. Ned4 Nc5 16. e5 Ng4 17. Qe2 Be7 18. b4 $1 $40 {1/2
Bulski,K (2519)-Cerveny,M (2347)/Litomysl CZE 2011/The Week in Chess 895 (21)})
(14... Nc5 15. Bf4 Qb6 16. Be3 (16. Ng3 Be7 17. Bg5 O-O 18. Qe2 h6 19. Be3 Qc7
20. Nh4 Nfxe4 21. Nxe4 Bxe4 22. Bxe4 Nxe4 23. Ng6 Rfe8 24. Bxh6 Nc5 25. Be3 Nd3
26. Qh5 Bf6 $13 {1/2 Peralta,F (2602)-Oms Pallisse,J (2493)/Barcelona 2011/CBM
145 (50)}) 16... Rd8 17. Qe1 Qc7 18. a4 $1 (18. b4 Ncxe4 19. a4 e5 $1 20. axb5
axb5 21. Ra7 {0-1 Berczes,D (2557)-Ragger,M (2655)/Sibenik 2011/CBM 144 Extra 
(40)} Ra8 $1 22. Rxa8+ Bxa8 23. Qa1 Bb7 24. Qxe5+ Qxe5 25. Nxe5 Bd6 $15) 18...
b4 19. Rc1 b3 20. Bb1 Ncxe4 21. Nf4 Bd5 22. Bxe4 Nxe4 23. Nxd5 exd5 24. Ng5 Be7
25. Ne6 Qd7 26. Nxd8 O-O 27. Qa5 Rxd8 28. Qxa6 Bf6 29. f3 $14 {1/2 Meszaros
Sen,A (2499)-Perez,B (2389)/Lechenicher SchachServer 2009/Telechess CBM 141 
(46)}) (14... e5 {is the main continuation:} 15. Ng3 Bc5 (15... g6 16. Qe2 Nc5
17. a4 Rb8 18. axb5 axb5 19. Bd2 Bd6 20. Rab1 Ne6 21. b3 O-O 22. bxc4 bxc4 23.
Bc3 Nf4 24. Qd2 $14 {1/2 Lorscheid,G (2265)-Das,A (2471)/Dresden 2011/CBM 143
Extra (44)}) (15... Rd8 16. Qe2 Nc5 17. b3 c3 {1-0 Cvek,R-Staszko,M/Moravka
1994/EXT 1998 (35)} 18. b4 $1 Na4 19. Bxa4 bxa4 20. b5 $36) 16. b3 c3 17. a3 (
17. Ng5 Qb6 18. b4 Bxb4 19. Bb3 O-O-O 20. Nf7 Nc5 21. Nxd8 Rxd8 22. Qf3 Nxb3
23. axb3 Kb8 {1/2 Malakhatko,V (2542)-Mihok,O (2431)/Nuremberg 2011/CBM 144
Extra}) 17... a5 (17... b4 18. Ng5 Qc6 19. axb4 Bxb4 20. Ba3 Bxa3 21. Rxa3 h6
22. Nf3 O-O 23. b4 Qc7 24. Qb1 Rac8 25. Ne2 $16 {1-0 Eljanov,P (2755)-Gelfand,
B (2739)/Moscow 2010/CBM 139 (53)}) 18. Ng5 (18. Bd3 $5 {needs checking} Qb6
$140 19. Qe2 Bc6 20. a4 b4 21. Bc4) 18... Qc6 (18... O-O-O $2 19. b4 axb4 20.
axb4 Bxb4 21. Be3 Bc5 22. Ne6 Qb6 23. Nxc5 Nxc5 24. Qe2 $16 {[%csl Rc8] 1-0
Bosiocic,M (2580)-Bukavshin,I (2517)/Moscow RUS 2012/The Week in Chess 901 (31)
}) 19. Nf5 O-O $13) 15. Nf4 Nc5 16. b4 (16. Ng5 Bd6 $1 (16... e5 $143 17. Nfe6
Qc6 18. Nxf8 Rxf8 19. Be3 $14) 17. Ngxe6 (17. Qf3 Qe7) 17... Nxe6 18. Nxe6
Bxh2+ 19. Kh1 Qe5 $13) 16... cxb3 17. Bxb3 (17. axb3 $5 Bd6 18. b4 $1 Bxf4 19.
bxc5 O-O 20. Bb3 $36) 17... Nfxe4 (17... Rd8 18. Qe1 Nfxe4 19. Nxe6 Nxe6 20.
Bxe6 Bg7 21. Ba3 $36) 18. Nxe6 Nxe6 19. Bxe6 $16 {[%csl Re8]} Bg7 $6 (19... Rd8
20. Qb3 (20. Qe1 {- 17...Rd8}) 20... Nc5 21. Qe3 Be7 22. Re1 $16) 20. Ba3 $1
Rd8 21. Qb3 $2 {Missing a strong intermediate move, after which Black is
practically helpless:} (21. Rc1 $1 Qf4 (21... Rxd1 22. Rxc7) (21... Qb6 22. Qb3
) 22. Qb3 $18) 21... Bxa1 22. Rxa1 Rf8 23. Bxf8 $2 {There was no need to give
up this strong bishop, even for a rook.} (23. Re1 $142 Qb6 24. Re3 {keeping up
the pressure.}) 23... Kxf8 24. Qe3 (24. Re1 $5) 24... Qc3 25. Qf4+ (25. Qh6+
Qg7) 25... Qf6 26. Qxf6+ Nxf6 $17 {After the queen exchange the position has
drastically changed. It is now Black who can play for a win, due to his
queenside pawn advantage and more active pieces.} 27. Ne1 (27. Rc1 Bxf3 28.
gxf3 Nh5 $17) (27. Ne5 Re8 28. Nd7+ Nxd7 29. Bxd7 Re7 30. Bg4 b4 $17) 27... Rd2
28. Rc1 Bd5 29. Bxd5 Nxd5 {[%mdl 4096]} 30. Rc2 (30. a3 Ke7 $17) 30... Rd1 (
30... Rxc2 $5 31. Nxc2 Ke7) 31. Kf1 Ra1 32. Ke2 Nb4 33. Rc8+ Kg7 {A strange
move. Black probably wanted to go to h6 and then changed his mind.} (33... Ke7
$142 34. Rc7+ Ke6 35. Rxh7 Rxa2+ $17) 34. Rc7+ Kf6 (34... Kh6 35. Rd7 Rxa2+ 36.
Ke3 {[%csl Rh6][%cal Yf2f4,Yg2g4]}) 35. Rxh7 Rxa2+ 36. Ke3 Nd5+ 37. Kd4 Rd2+
38. Nd3 {The rook endgame will be very complicated but still difficult for
White as Black's queenside passed pawns are very dangerous.} (38. Kc5 $5) 38...
Nf4 39. Ke3 Rxd3+ 40. Kxf4 a5 41. Rb7 Rd4+ $6 (41... g5+ $1 42. Ke4 Rb3 43.
Rb6+ Ke7 44. Rg6 a4 45. Rxg5 Rb2 {- Black gains several tempi and should win.})
42. Ke3 Rb4 43. Rb6+ Ke5 (43... Kf5 $5) 44. f4+ (44. Rxg6 a4 45. Ra6 Rb3+ 46.
Kd2 Rb2+ 47. Kc3 Rxf2 48. Rb6 $11) 44... Kd5 45. Rxg6 a4 46. Ra6 Rb3+ 47. Kd2
$2 {This is now senseless as Black's king supports his pawns.} (47. Kf2 $1 Ke4
(47... a3 48. f5 $11 {[%csl Gf5]}) 48. h4 Kxf4 49. h5 {, and White's passed
pawns rescue him.}) 47... Rb2+ 48. Ke3 Rxg2 49. f5 Rxh2 50. f6 Rh1 51. f7 Rf1
52. Ra7 Kc5 53. Ke2 Rf6 54. Kd3 (54. Ke3 b4 $1 (54... Kb4 55. Rd7 $1 {[%cal
Rd7d4,Rd4f4]}) 55. Rxa4 Rxf7 56. Kd3 Kb5 57. Ra1 Rc7 $19) 54... Kb4 55. Kd4 a3
56. Ke5 Rf1 57. Ke6 Kb3 58. Ra5 Rxf7 $1 59. Kxf7 b4 60. Ke6 Ka2 $1 {The
"leader change" is a typical winning method in this endgame.} 61. Rh5 b3 62.
Kd5 b2 63. Rh2 Ka1 0-1

[Event "Reggio Emilia 53rd"]
[Site "Reggio Emilia"]
[Date "2011.01.03"]
[Round "6"]
[White "Caruana, Fabiano"]
[Black "Vallejo Pons, Francisco"]
[Result "1/2-1/2"]
[WhiteElo "2709"]
[BlackElo "2698"]
[Annotator "Krasenkow,M"]
[PlyCount "48"]
[EventDate "2010.12.28"]
[EventType "tourn"]
[EventRounds "9"]
[EventCountry "ITA"]
[EventCategory "18"]
[SourceTitle "CBM 140"]
[Source "ChessBase"]
[SourceDate "2011.01.18"]
[SourceVersion "1"]
[SourceVersionDate "2011.01.18"]
[SourceQuality "1"]

1. d4 d5 2. c4 c6 3. Nc3 Nf6 4. e3 e6 5. Nf3 Nbd7 6. Bd3 dxc4 7. Bxc4 b5 8. Bd3
Bd6 9. O-O a6 {A rare continuation in this position. It is less logical than a
move earlier since after 10.e4 Black can't play 10...c5. Stll, White has not
found a way to an advantage so far.} (9... O-O {is more common.}) 10. e4 e5 (
10... c5 $2 11. e5 cxd4 12. exf6 dxc3 13. fxg7 Rg8 14. Be4 $18) 11. Ne2 $6 {
Too soft.} (11. Bg5 h6 (11... exd4 12. Nxd4 Ne5 13. Bc2 Bg4 14. f3 Bc5 15. Nce2
Be6 16. Kh1 Bc4 17. Nf5 O-O 18. Qe1 $14 {1/2 Cruz Lopez Claret,C (2320)
-Cuartas,J (2504)/Sabadell 2007/CBM 119 ext (28)}) 12. Bh4 O-O 13. Rc1 (13. Bc2
{-11.Bc2}) 13... Re8 14. a3 Ra7 15. Bb1 Bb8 16. Re1 exd4 17. Qxd4 Ne5 $11 {
0-1 Benza,A (2305)-Potapov,P (2478)/Moscow RUS 2010/The Week in Chess 839 (66)}
) (11. Kh1 exd4 12. Nxd4 Ne5 13. Be2 Bc5 14. Nb3 Qxd1 15. Nxd1 Bb6 16. f3 Be6
$11 {1/2 Georgiev,V (2517)-Jonkman,H (2399)/Wijk aan Zee 2005/CBM 105 (120)}) (
11. Bc2 $5 O-O 12. Bg5 h6 13. Bh4 exd4 (13... Re8 $5) 14. Qxd4 Qe7 15. Rad1 Bc7
16. e5 $5 Bxe5 (16... Nxe5 17. Rfe1 Nxf3+ 18. gxf3 Be6 $2 19. Ne4) 17. Nxe5
Qxe5 18. Qd3 Qh5 19. Bg3 $44 {1-0 Aleksandrov,A (2639)-Sengupta,D (2494)/
Kolkata 2009/CBM 132 Extra (45)}) (11. a4 $5) 11... c5 $5 $146 {[%mdl 8]
Immediately clarifying the position in the centre.} (11... O-O $144 12. Qc2 $6
(12. a4 $5 Bb7) (12. Be3 $5) 12... c5 13. dxe5 Nxe5 14. Nxe5 Bxe5 15. Rd1 Qc7
16. Ng3 c4 17. Be2 Bb7 18. Bf3 Rfe8 19. Re1 Nd7 $17 {1/2 Vavrak,P (2412)
-Virostko,P (2354)/Czechia 2003/EXT 2004}) 12. d5 (12. dxe5 Nxe5 13. Nxe5 Bxe5
14. f4 Bd4+ 15. Kh1 Bb7 {, and Black has no problems.}) 12... c4 13. Bc2 O-O
14. Ng3 {White must develop his initiative on the kingside but Black has
enough resources to contain it.} Re8 15. Nh4 Nc5 16. Nhf5 Bf8 17. Qf3 h6 18.
Bd2 Nb7 19. b3 {White tries to exploit the temporarily awkward position of the
black pieces.} Bxf5 20. Nxf5 Nd6 $1 21. Nxd6 Qxd6 22. bxc4 Rec8 23. Rfc1 (23.
Bb3 bxc4 24. Ba4 (24. Bc2 c3 25. Be3 Rab8 $132 {[%cal Yb8b2]}) 24... c3 $1 {
[%cal Rd6b4]} 25. Bxc3 Nxe4 26. Bc6 Nxc3 27. Bxa8 e4 28. Qe3 Rc4 $44 {[%cal
Yf7f5]}) 23... Rxc4 24. Bd3 Rcc8 (24... Rcc8 25. Qh3 Qd7 26. Qg3 Qd6 $11)
1/2-1/2

[Event "Dortmund SuperGM 38th"]
[Site "Dortmund"]
[Date "2010.07.21"]
[Round "6"]
[White "Mamedyarov, Shakhriyar"]
[Black "Naiditsch, Arkadij"]
[Result "0-1"]
[WhiteElo "2761"]
[BlackElo "2684"]
[Annotator "Krasenkow,M"]
[PlyCount "71"]
[EventDate "2010.07.15"]
[EventType "tourn"]
[EventRounds "10"]
[EventCountry "GER"]
[EventCategory "20"]
[SourceTitle "CBM 138"]
[Source "ChessBase"]
[SourceDate "2010.09.17"]
[SourceVersion "1"]
[SourceVersionDate "2010.09.17"]
[SourceQuality "1"]

1. d4 Nf6 2. c4 e6 3. Nf3 d5 4. Nc3 dxc4 5. Qa4+ Nbd7 6. e4 a6 7. Bxc4 c6 (7...
Rb8 {is the main move in this rare system.}) 8. Qd1 $6 {Two other moves are
more promising:} (8. Qc2 $5 c5 (8... b5 9. Bd3 Be7 $2 10. e5 Nd5 11. Nxd5 cxd5
12. Bxh7 g6 13. Bxg6 fxg6 14. Qxg6+ Kf8 15. Bh6+ Rxh6 16. Qxh6+ Kf7 17. Qh7+
Ke8 18. Qg6+ Kf8 19. h4 $18 {1-0 Krasenkow,M (2570)-Mesropov,K/Moscow 1991/TD 
(21)}) 9. dxc5 Bxc5 10. O-O Qc7 11. Qe2 Ng4 (11... b5 $5) 12. Bb3 h5 $6 (12...
O-O $14 {M.Knezevic}) 13. Bd2 Nde5 14. Nxe5 Qxe5 15. g3 Bd4 16. Bf4 Qa5 17.
Rad1 $16 {1-0 Knezevic,M (2505)-Romanishin,O (2610)/Kiev 1978/EXT 2000 (36)}) (
8. Be2 b5 9. Qc2 Bb7 (9... c5 $6 10. dxc5 $1 (10. d5 Bd6 11. dxe6 fxe6 12. Ng5
Bb7 13. f4 e5 14. Ne6 Qe7 15. f5 c4 16. Bg5 Nc5 17. Bh5+ g6 18. Nxc5 Bxc5 19.
fxg6 O-O-O $44 {1/2 Landa,K (2635)-Szabo,G (2525)/Rijeka 2010/CBM 136 (43)})
10... Nxc5 11. e5 Nd5 12. Nxd5 Qxd5 13. O-O Bb7 14. Be3 Rc8 15. Rfd1 {1-0
Chuchelov,V (2540)-Kohlweyer,B (2445)/Bad Zwesten 1998/EXT 2000}) 10. e5 Nd5
11. Nxd5 cxd5 12. O-O $14 Be7 13. Bd2 (13. Bd3 Rc8 14. Qe2 Nb6 15. b3 h5 16.
Bd2 Kd7 17. Ba5 Rc6 18. g3 Qb8 19. h4 g6 20. Qd2 {1-0 Arbakov,V (2500)-Baron
Rodriguez,J (2255)/Linares 1995/CBM 045 ext}) 13... O-O 14. Bd3 h6 15. a4 b4
16. Rfc1 Rc8 17. Qd1 Qa5 18. h4 Rxc1 19. Rxc1 Rc8 20. Rxc8+ Bxc8 21. Qc1 Bb7
22. Bxh6 $1 Qxa4 23. Bg5 $16 {1-0 Karpov,A (2760)-Van Wely,L (2645)/Monte
Carlo 1997/CBM 057 ext (30)}) 8... b5 (8... Be7 9. O-O O-O 10. a4 b6 11. Bd3
Bb7 12. e5 Nd5 13. Nxd5 cxd5 14. Bd2 (14. b4 $5 $14 {S.Makarichev}) 14... a5 $1
15. Rc1 Nb8 16. Bb5 Na6 17. Qb3 Rc8 18. Rc3 $1 $14 {1-0 Kasparov,G (2815)
-Short,N (2665)/London 1993/EXT 1998 (27)}) (8... c5 $5 9. e5 Ng4 10. Ng5 cxd4
11. Nxf7 Kxf7 12. Qxg4 Nxe5 13. Qh5+ Ng6 14. Ne4 Bb4+ 15. Bd2 Bxd2+ 16. Kxd2
$44 {1/2 Gozzoli,Y (2433)-Fressinet,L (2638)/Port Barcares 2005/CBM 107/[Lutz]
(41)}) 9. Bd3 Bb7 $6 {GM Arkadij Naiditsch probably didn't notice that he had
a normal Meran position on the board (with an unusual transposition of moves)!}
(9... c5 {is the main theoretical line.}) 10. e5 $1 Nd5 11. Nxd5 cxd5 {Now we
have a typical structure, which is favourable for White. The centre is closed,
and he can develop his kingside attack.} 12. Ng5 (12. O-O {is probably simpler:
} Be7 (12... h6 13. Bd2 Be7 14. Qb3 Qb6 15. Rfc1 O-O 16. a4 Bc6 17. a5 Qb7 18.
Bb4 Bxb4 19. Qxb4 Rfc8 20. Nd2 Nf8 21. Nb3 $16 {1-0 Matlak,M (2480)-Serdt,S 
(2215)/Ceske Budejovice 1999/EXT 2000 (60)}) (12... Rc8 13. h4 (13. Bd2 $5 Be7
14. Qe2 Bc6 15. Rfc1 O-O 16. Rc2 Qb6 17. Bg5 Bxg5 18. Nxg5 h6 19. Nh7 Rfe8 20.
Qg4 Kh8 21. Qf4 Re7 22. g4 $40 {1-0 Felber,R (2375)-Perez Cruz,F (2308)/ICCF
Email 2000/ICCF tele 5/2001 (31)}) 13... Be7 14. h5 h6 15. Bd2 Qb6 16. a4 Bc6
17. a5 Qb7 18. Qe2 Rc7 19. Nh2 Kd8 20. f4 Kc8 21. f5 Kb8 22. fxe6 fxe6 23. Qg4
{1-0 Karpov,A (2725)-Gallissot,A/Bastia 1998/EXT 2000}) 13. Bd2 $5 {Or else:} (
13. Ne1 $5 Qb6 14. Qg4 $1 (14. Be3 $5 f5 15. exf6 Nxf6 16. Nf3 O-O 17. Ne5 Bd6
18. Rc1 $14 {1/2 Fuderer,A-Rossolimo,N/Dortmund 1951/EXT 2002 (78)}) 14... g6
15. Bh6 b4 16. Nf3 a5 17. Qh3 Rg8 18. Bg5 h5 19. Bxe7 Kxe7 20. Qh4+ Kf8 21.
Rac1 $16 {0-1 Nedobora,M (2480)-Landa,K (2500)/Noyabrsk 1995/CBM 048 (45)}) (
13. Qe2 h6 14. Ne1 O-O 15. f4 Qb6 16. Be3 f5 17. g4 Rf7 18. gxf5 exf5 19. Qh5
g6 20. Qh3 Nf8 21. Kh1 $36 {1-0 Behrensen,J-Redolfi,A/Mar del Plata 1956/EXT
2000 (63)}) (13. Bf4 $5 O-O 14. Qc2 g6 15. Qd2 Re8 16. Bh6 Bf8 17. Rfe1 Rc8 18.
Bxf8 Nxf8 19. h4 $36 {1-0 Bagaturov,G (2450)-Schaeffner,C (2195)/Boeblingen
1996/EXT 2001 (28)}) (13. Be3 Nb6 (13... Rc8 14. Rc1 f5 15. exf6 Nxf6 16. Rxc8
Bxc8 17. Ne5 Bd6 18. Bg5 O-O 19. Qc2 $16 {1-0 Moiseenko,A (2625)-Van Renswoude,
J/Dos Hermanas 2004/CBM 099 ext (31)}) 14. b3 Rc8 15. Qd2 h6 16. Ne1 Qc7 17.
Rd1 Bd8 18. Qe2 Qe7 19. Bd2 Nd7 20. a4 $14 {1-0 Rabinovich,I-Rosselli del
Turco,S/Baden-Baden 1925/HCL (32)}) 13... O-O (13... b4 14. Qe2 Qb6 15. h4 h6
16. h5 a5 17. a4 Ba6 18. b3 Bxd3 19. Qxd3 Qa6 20. Qxa6 Rxa6 21. Rfc1 $14 {
1-0 Dreev,A (2697)-Dovramadjiev,T (2342)/playchess.com INT 2006/EXT 2007 (48)})
14. Qe1 (14. a4 b4 15. Qb1 h6 16. Be3 a5 17. Re1 b3 18. Qd1 Ba6 19. Bxa6 Rxa6
20. Qxb3 Rb6 21. Qa2 Qb8 22. Re2 $14 {1-0 Pinter,J (2590)-Richter,M (2360)/
Dortmund 1998/EXT 1999 (46)}) (14. a3 f5 15. exf6 Bxf6 16. Qe2 Qb6 17. Rad1 g6
18. h4 $36 {1-0 Brynell,S (2493)-Sigfusson,S (2339)/Reykjavik 2006/CBM 111 ext
(47)}) (14. Qb1 h6 $5 (14... g6 $6 15. Qe1 Nb8 16. Qe3 Re8 17. Qh6 Nd7 18. Ng5
Nf8 19. h4 $16 {1-0 Najdorf,M-Guimard,C/Mar del Plata 1968/MCD (29)}) 15. Qe1
Qb6 16. Ba5 Qa7 17. Bb4 Bxb4 18. Qxb4 Rac8 19. Qe7 Nb6 20. b3 Rfe8 21. Qh4 $14
{1/2 Karjalainen,P (2380)-Dzhasmagambetov,Y (2240)/ICCF 2002/ICCF Telechess
CBM 112 (37)}) 14... Qb6 15. Ba5 Qa7 16. Bb4 Bxb4 17. Qxb4 Rac8 18. Qe7 Nb8 $5
19. Rac1 (19. Qh4 $1 h6 20. g4 $40) 19... h6 20. Rfe1 Qb6 21. Qb4 Nc6 22. Qd2
Qa5 23. Qe3 Nb4 24. a3 Nxd3 25. Qxd3 b4 {1/2 Gligoric,S-Pomar Salamanca,A/
Havana 1969/MCD}) 12... Be7 (12... g6 13. h4 $1 h6 14. Nxe6 fxe6 15. Bxg6+ Ke7
16. Qf3 Qb6 17. Be3 Kd8 18. O-O Rc8 19. Rac1 $40 {1-0 Godard,M (2265)
-Moltchanov,R (2420)/Agneaux 1998/EXT 2003 (29)}) (12... Qa5+ 13. Kf1 (13. Bd2
$5) 13... Be7 14. Qh5 Bxg5 15. Qxg5 O-O 16. Bd2 Qb6 17. Qh4 f5 18. Ke2 Rfc8 19.
Rhc1 $14 {1/2 Tkachiev,V (2649)-Zhang Pengxiang (2643)/Poikovsky 2007/CBM 117 
(29)}) (12... Bb4+ {depriving White of castling, doesn't change anything as
White obtains a kingside attack anyway:} 13. Kf1 Be7 (13... Nf8 14. h4 h6 15.
Nf3 Be7 16. h5 Rc8 17. Rh3 Nh7 18. Rg3 Ng5 19. Nxg5 hxg5 20. Kg1 $16 {1-0
Boensch,U (2490)-Boehnisch,M (2295)/Zittau 1989/CBM 012 (35)}) (13... h6 14.
Qh5 O-O 15. h4 Qe8 16. Bh7+ Kh8 17. Rh3 $36 Be7 $2 18. Nxe6 {1-0 Sinkovics,P 
(2415)-Bex,P (2175)/Biel 1995/CBM 048 ext}) (13... g6 14. h4 Be7 15. Qf3 Bxg5
16. Bxg5 Qb6 17. Be3 h5 18. Rc1 Rc8 19. Rxc8+ Bxc8 20. Ke2 $16 {1-0 Iotov,V 
(2581)-Gochev,M (2238)/Albena 2009/CBM 130 Extra (33)}) 14. h4 Nf8 (14... Qb6
15. Be3 Rc8 16. Rh3 h6 17. Nxf7 Kxf7 18. Qh5+ Kg8 19. Rg3 $16 {1-0 Kruppa,Y 
(2547)-Egorov,D (2417)/St Petersburg 2004/EXT 2005 (23)}) 15. Qh5 Bxg5 16. Bxg5
Qb6 17. Be3 g6 18. Qh6 Rg8 19. Rc1 b4 20. h5 $16 {1-0 Cifuentes Parada,R (2535)
-Pena Dieguez,M/Dos Hermanas 1998/EXT 1999 (34)}) 13. h4 $1 Qb6 14. Qg4 $146 {
Not the most energetic but good enough for the advantage.} (14. Be3 $5 h6 15.
Qh5 Bxg5 $6 (15... O-O 16. Rh3 $40) 16. hxg5 Qa5+ 17. Bd2 Qa4 18. Rh4 $18 {
->1-0 Indbryn,T (2102)-Fedin,V (1761)/Karasjok 2004/CBM 103 ext (26)}) 14... h6
15. Nf3 g6 16. Bd2 a5 17. O-O $16 b4 {Black can't castle so he desperately
tries to get rid of White's important bishop.} 18. a3 Ba6 19. Bxa6 Rxa6 20.
Rfc1 Qb7 (20... h5 21. Rc8+) 21. h5 $1 g5 22. Nh2 bxa3 23. bxa3 O-O {At last!
But White continues his attack.} 24. Qg3 {[%cal Yh2g4,Yf2f4]} Qb2 25. Nf3 $6 {
Not the best square for this knight. Besides, White misses} (25. Qd3 $1 Rc6 26.
Rab1 Rxc1+ 27. Bxc1 Qa2 28. Ng4 Kg7 29. Rb7 $16) 25... Rb6 26. Bc3 Qb5 27. a4
Qa6 28. Bd2 Kh7 $6 (28... Rb7) 29. Rc7 Rb7 30. Rac1 Rxc7 $2 (30... Rfb8 $14)
31. Rxc7 Rd8 32. Nh2 $2 {Another miss. White had a forced, although quite a
tricky win:} (32. Bxg5 $1 hxg5 33. Nxg5+ Bxg5 34. Qxg5 Rg8 35. Qe3 $1 (35. Qd2
$144 $1) ({but not} 35. Qe7 Qe2 $1 $11 {[%cal Re2d1]}) ({and not} 35. Qf4 Qe2
$1 36. g3 Rg4 $1 37. Qxf7+ Rg7 38. Qxe6 {, and now, say,} Rxg3+ 39. fxg3 Qe1+
$11) 35... Rd8 36. Qf4 $1 $18 {- Black can't protect the f7 point!}) 32... Qe2
$2 (32... Qb6 $1 33. Qc3) 33. Bxa5 $2 (33. Qf3 $1 Qxf3 34. Nxf3 Bb4 35. Bxb4
axb4 36. a5 $16) 33... Qd1+ 34. Nf1 Qxa4 35. Qc3 Ra8 36. Rxd7 $4 {[%mdl 8192]
Frustrated, White commits a strange blunder.} (36. Rb7 $11 Rxa5 $140 37. Rxd7)
0-1